Online
Catalog

Cevicos en la historia dominicana / (Record no. 45799)

MARC details
000 -CABECERA
campo de control de longitud fija 01206nam a2200205 a 4500
001 - NÚMERO DE CONTROL
campo de control 000046310
005 - FECHA Y HORA DE LA ÚLTIMA TRANSACCIÓN
campo de control 20250123094354.0
008 - DATOS DE LONGITUD FIJA--INFORMACIÓN GENERAL
campo de control de longitud fija 150722s2010 dr abc 000 0 spa d
040 ## - FUENTE DE LA CATALOGACIÓN
Centro catalogador/agencia de origen DO-SdBNP
Lengua de catalogación spa
Centro/agencia transcriptor BNPHU
082 ## - NÚMERO DE LA CLASIFICACIÓN DECIMAL DEWEY
Número de clasificación xxxx
Número de documento/Ítem xxxx
100 1# - ENTRADA PRINCIPAL--NOMBRE DE PERSONA
Nombre de persona Díaz Herrera, Miguel Ángel
Fechas asociadas al nombre 1950-
9 (RLIN) 78207
245 10 - MENCIÓN DE TÍTULO
Título Cevicos en la historia dominicana /
Mención de responsabilidad, etc. Miguel Ángel Díaz Herrera ; prólogo Ramón Paniagua Herrera.
260 ## - PUBLICACIÓN, DISTRIBUCIÓN, ETC.
Lugar de publicación, distribución, etc. Santo Domingo :
Nombre del editor, distribuidor, etc. Impresos La Escalera,
Fecha de publicación, distribución, etc. 2010.
300 ## - DESCRIPCIÓN FÍSICA
Extensión 240 p. :
Otras características físicas il., mapas, retrs. ;
Dimensiones 21 cm.
500 ## - NOTA GENERAL
Nota general Incluye datos biográficos del autor en la solapa de la contracubierta
500 ## - NOTA GENERAL
Nota general Incluye referencias bibliográficas y notas al pie de las páginas.
504 ## - NOTA DE BIBLIOGRAFÍA, ETC.
Nota de bibliografía, etc. Bibliografía : p. 237-340
505 0# - NOTA DE CONTENIDO CON FORMATO
Información miscelánea Capítulo I --
Título Cevicos. Su ubicación geográfica --
Información miscelánea Capítulo II --
Título Orígenes del pueblo de cevicos --
Información miscelánea Capítulo III --
Título Cevicos en el siglo XVII -
Información miscelánea Capítulo IV --
Título Datos cronológicos del siglo XIX -
Información miscelánea Capítulo V --
Título Cronología de cevicos en el siglo XX --
Información miscelánea Capítulo VI --
Título Cevicos desde 1980 hasta la actualidad --
Información miscelánea Capítulo VII --
Título Partición y saneamiento territorial del sitio de cevicos.
700 12 - PUNTO DE ACCESO ADICIONAL--NOMBRE DE PERSONA
Nombre de persona Paniagua Herrera, Ramón,
Término indicativo de función/relación pról.
9 (RLIN) 74328
Holdings
Estado de retiro Estado de pérdida No para préstamo Código de colección Localización permanente Ubicación/localización actual Ubicación en estantería Fecha de adquisición Número de inventario Total de préstamos Signatura topográfica completa Código de barras Fecha visto por última vez Precio válido a partir de Tipo de ítem Koha
    Excluido de préstamo Patrimonio Dominicano Patrimonio Dominicano Patrimonio Dominicano En catalogación 22.07.2015 LF1   xxxx xxxx 46310-10 25.06.2020 25.06.2020 Libro y Folleto Colección Patrimonio Dominicano

Powered by Koha